Catálogo

INCINERATION OF RADIOACTIVE WASTE (Registro nro. 23968)

Detalles MARC
000 -LEADER
fixed length control field 00484nam a2200169 a 4500
001 - CONTROL NUMBER
control field 23968
005 - DATE AND TIME OF LATEST TRANSACTION
control field 20180713222118.0
008 - FIXED-LENGTH DATA ELEMENTS--GENERAL INFORMATION
fixed length control field 140415s1985 xxk 000 0 eng d
020 ## - INTERNATIONAL STANDARD BOOK NUMBER
International Standard Book Number 0860106772
041 ## - LANGUAGE CODE
Language code of text/sound track or separate title eng
082 ## - DEWEY DECIMAL CLASSIFICATION NUMBER
Classification number 628.4457
Item number INC
245 00 - TITLE STATEMENT
Title INCINERATION OF RADIOACTIVE WASTE
250 ## - EDITION STATEMENT
Edition statement 1a ed.
260 ## - PUBLICATION, DISTRIBUTION, ETC.
Place of publication, distribution, etc. GRAN BRETAÑA :
Name of publisher, distributor, etc. GRAHAM AND TRATMAN,
Date of publication, distribution, etc. 1985
300 ## - PHYSICAL DESCRIPTION
Extent 205
650 14 - SUBJECT ADDED ENTRY--TOPICAL TERM
Topical term or geographic name entry element CONTAMINACION RADIACTIVA
General subdivision DISPOSICION DE RESIDUOS RADIOACTIVOS
Existencias
Withdrawn status Lost status Source of classification or shelving scheme Damaged status Not for loan Collection code Home library Current library Shelving location Date acquired Source of acquisition Inventory number Total Checkouts Full call number Barcode Date last seen Date last checked out Price effective from Koha item type
    Dewey Decimal Classification     General Biblioteca Karol Wojtyla Biblioteca Karol Wojtyla Sala general 03/12/2013 Compra 151000000000000000012299   628.4457 INC 44837 05/01/2026 17/06/2015 03/12/2013 Libro